Climate change and non-infectious fish disorders/edited by P. T. K. Woo, G. K. Iwama (Record no. 52318)

MARC details
000 -LEADER
fixed length control field 00534nam a22001697a 4500
003 - CONTROL NUMBER IDENTIFIER
control field OSt
008 - FIXED-LENGTH DATA ELEMENTS--GENERAL INFORMATION
fixed length control field 260625b |||||||| |||| 00| 0 eng d
020 ## - INTERNATIONAL STANDARD BOOK NUMBER
International Standard Book Number 9781786393982
082 ## - DEWEY DECIMAL CLASSIFICATION NUMBER
Classification number 639.964
Item number W87C
245 ## - TITLE STATEMENT
Title Climate change and non-infectious fish disorders/edited by P. T. K. Woo, G. K. Iwama
260 ## - PUBLICATION, DISTRIBUTION, ETC. (IMPRINT)
Place of publication, distribution, etc Wallingford :
Name of publisher, distributor, etc CABI,
Date of publication, distribution, etc 2020.
300 ## - PHYSICAL DESCRIPTION
Extent x, 244 p.
650 ## - SUBJECT ADDED ENTRY--TOPICAL TERM
Topical term or geographic name as entry element Pure Sciences | Animals | Fishes | Non-Infectious Fish | Climate Change
700 ## - ADDED ENTRY--PERSONAL NAME
Personal name Woo, P. T. K.
700 ## - ADDED ENTRY--PERSONAL NAME
Personal name Iwama, G. K.
942 ## - ADDED ENTRY ELEMENTS (KOHA)
Source of classification or shelving scheme
Koha item type Books
Holdings
Withdrawn status Lost status Source of classification or shelving scheme Damaged status Not for loan Home library Current library Shelving location Date acquired Source of acquisition Cost, normal purchase price Total Checkouts Full call number Barcode Date last seen Bill Date Koha item type Bill Number
          Dr. Rajendra Prasad Central Agricultural University Pusa, Dr. Rajendra Prasad Central Agricultural University Pusa, General Stacks 25/06/2026 Today & Tomorrow Printers and Publishers 14098.00   639.964 W87C 87562 25/06/2026 29/01/2026 Books Bill No. IN-00449
          Dr. Rajendra Prasad Central Agricultural University Pusa, Dr. Rajendra Prasad Central Agricultural University Pusa, General Stacks 25/06/2026 Today & Tomorrow Printers and Publishers 14098.00   639.964 W87C 87563 25/06/2026 29/01/2026 Books Bill No. IN-00449
Hosted, Implemented, Customized & Maintained by: BestBookBuddies

Powered by Koha